| 000 | 00741nam a2200253 i 4500 | ||
|---|---|---|---|
| 001 | 81834 | ||
| 003 | ES-MaACL | ||
| 005 | 20250712032640.0 | ||
| 007 | t| | ||
| 008 | 041108s1985 sp ||||1| spa d | ||
| 020 | _a84-85041-91-7 | ||
| 100 | 1 |
_aIglesias, Concepción. _965074 |
|
| 245 | 1 | 0 |
_aBlasco Ibáñez _b: un novelista para el mundo / _cConcepción Iglesias. |
| 260 |
_a[Madrid] : _bSílex, _c[1985] |
||
| 300 |
_a215 p. ; _c21 cm. |
||
| 490 | 1 | _aRetratos de antaño | |
| 500 | _aÍndice. | ||
| 504 | _aBibliografía: p. 187-188. | ||
| 600 | 1 | 4 |
_aBlasco Ibáñez, Vicente, _d1867-1928 _929388 |
| 830 | 1 |
_aRetratos de antaño _9180802 |
|
| 852 |
_aES-MaACL _jL-9116 |
||
| 852 |
_aES-MaACL _jL-9282 |
||
| 999 |
_c81834 _d81834 |
||